<?xml version="1.0" encoding="UTF-8"?>
<record
    xmlns:xsi="http://www.w3.org/2001/XMLSchema-instance"
    xsi:schemaLocation="http://www.loc.gov/MARC21/slim http://www.loc.gov/standards/marcxml/schema/MARC21slim.xsd"
    xmlns="http://www.loc.gov/MARC21/slim">

  <leader>05060namaa22004331i 4500</leader>
  <controlfield tag="003">OSt</controlfield>
  <controlfield tag="005">20250714111833.0</controlfield>
  <controlfield tag="008">250619s2024    ua a|||frm||| 000 0 eng d</controlfield>
  <datafield tag="040" ind1=" " ind2=" ">
    <subfield code="a">EG-GICUC</subfield>
    <subfield code="b">ara</subfield>
    <subfield code="c">EG-GICUC</subfield>
    <subfield code="d">EG-GICUC</subfield>
    <subfield code="e">rda</subfield>
  </datafield>
  <datafield tag="041" ind1="0" ind2=" ">
    <subfield code="a">ara</subfield>
    <subfield code="b">ara</subfield>
    <subfield code="b">eng</subfield>
  </datafield>
  <datafield tag="049" ind1=" " ind2=" ">
    <subfield code="a">&#x625;&#x64A;&#x62F;&#x627;&#x639;</subfield>
  </datafield>
  <datafield tag="082" ind1="0" ind2="4">
    <subfield code="a">339.46</subfield>
  </datafield>
  <datafield tag="092" ind1=" " ind2=" ">
    <subfield code="a">339.46</subfield>
    <subfield code="2">21</subfield>
  </datafield>
  <datafield tag="097" ind1=" " ind2=" ">
    <subfield code="a">&#x62F;&#x643;&#x62A;&#x648;&#x631;&#x627;&#x647;&#x200E;</subfield>
  </datafield>
  <datafield tag="099" ind1=" " ind2=" ">
    <subfield code="a">Cai01.22.01.Ph.D.2024.&#x645;&#x62D;.&#x625;</subfield>
  </datafield>
  <datafield tag="100" ind1="0" ind2=" ">
    <subfield code="a">&#x60C;&#x645;&#x62D;&#x645;&#x62F; &#x627;&#x644;&#x633;&#x64A;&#x62F; &#x637;&#x644;&#x628;&#x629; &#x623;&#x645;&#x627;&#x645;</subfield>
    <subfield code="e">&#x625;&#x639;&#x62F;&#x627;&#x62F;.</subfield>
  </datafield>
  <datafield tag="245" ind1="1" ind2="0">
    <subfield code="a">&#x625;&#x634;&#x643;&#x627;&#x644;&#x64A;&#x627;&#x62A; &#x631;&#x635;&#x62F; &#x627;&#x644;&#x641;&#x642;&#x631; &#x648;&#x627;&#x644;&#x62D;&#x631;&#x645;&#x627;&#x646; &#x627;&#x644;&#x62D;&#x636;&#x631;&#x64A; &#x648;&#x62A;&#x648;&#x632;&#x64A;&#x639;&#x627;&#x62A;&#x647; &#x627;&#x644;&#x645;&#x643;&#x627;&#x646;&#x64A;&#x629; :</subfield>
    <subfield code="b">&#x62A;&#x637;&#x648;&#x64A;&#x631; &#x646;&#x645;&#x648;&#x630;&#x62C; &#x645;&#x646;&#x647;&#x62C;&#x64A; &#x644;&#x644;&#x642;&#x64A;&#x627;&#x633; &#x648;&#x627;&#x644;&#x62A;&#x62D;&#x644;&#x64A;&#x644; &#x645;&#x62A;&#x639;&#x62F;&#x62F; &#x627;&#x644;&#x623;&#x628;&#x639;&#x627;&#x62F; &#x644;&#x62F;&#x639;&#x645; &#x635;&#x646;&#x627;&#x639;&#x629; &#x633;&#x64A;&#x627;&#x633;&#x627;&#x62A; &#x627;&#x644;&#x62A;&#x646;&#x645;&#x64A;&#x629; &#x648;&#x627;&#x644;&#x62A;&#x62E;&#x637;&#x64A;&#x637; &#x627;&#x644;&#x62D;&#x636;&#x631;&#x64A; /</subfield>
    <subfield code="c"> &#x625;&#x639;&#x62F;&#x627;&#x62F; &#x645;&#x62D;&#x645;&#x62F; &#x627;&#x644;&#x633;&#x64A;&#x62F; &#x637;&#x644;&#x628;&#x629; &#x623;&#x645;&#x627;&#x645;&#x61B;  &#x62A;&#x62D;&#x62A; &#x625;&#x634;&#x640;&#x640;&#x640;&#x631;&#x627;&#x641;:  &#x623;.&#x62F; /&#x637;&#x627;&#x631;&#x642; &#x648;&#x641;&#x64A;&#x642; &#x645;&#x62D;&#x645;&#x62F;&#x60C; &#x623;.&#x645;.&#x62F;/&#x639;&#x628;&#x62F; &#x627;&#x644;&#x62E;&#x627;&#x644;&#x642; &#x639;&#x628;&#x62F; &#x627;&#x644;&#x631;&#x62D;&#x645;&#x646; &#x639;&#x648;&#x627;&#x62F;.</subfield>
  </datafield>
  <datafield tag="246" ind1="1" ind2="5">
    <subfield code="a">Problems of monitoring urban poverty, deprivation and spatial distributions :</subfield>
    <subfield code="b">Developing a methodological model of multi-dimensional measuring and analysis for enhancing policy making and urban planning /</subfield>
  </datafield>
  <datafield tag="264" ind1=" " ind2="0">
    <subfield code="c">2024.</subfield>
  </datafield>
  <datafield tag="300" ind1=" " ind2=" ">
    <subfield code="a">199+40 &#x635;&#x641;&#x62D;&#x629; :</subfield>
    <subfield code="b">&#x645;&#x644;&#x627;&#x62D;&#x642; &#x61B; </subfield>
    <subfield code="c">30 cm. + </subfield>
    <subfield code="e">CD.</subfield>
  </datafield>
  <datafield tag="336" ind1=" " ind2=" ">
    <subfield code="a">text</subfield>
    <subfield code="2">rda content</subfield>
  </datafield>
  <datafield tag="337" ind1=" " ind2=" ">
    <subfield code="a">Unmediated</subfield>
    <subfield code="2">rdamedia</subfield>
  </datafield>
  <datafield tag="338" ind1=" " ind2=" ">
    <subfield code="a">volume</subfield>
    <subfield code="2">rdacarrier</subfield>
  </datafield>
  <datafield tag="502" ind1=" " ind2=" ">
    <subfield code="a">&#x623;&#x637;&#x631;&#x648;&#x62D;&#x629; (&#x62F;&#x643;&#x62A;&#x648;&#x631;&#x627;&#x647;)-&#x62C;&#x627;&#x645;&#x639;&#x629; &#x627;&#x644;&#x642;&#x627;&#x647;&#x631;&#x629;&#x60C; 2024.   </subfield>
  </datafield>
  <datafield tag="504" ind1=" " ind2=" ">
    <subfield code="a">&#x628;&#x628;&#x644;&#x64A;&#x648;&#x62C;&#x631;&#x627;&#x641;&#x64A;&#x627;: &#x635;&#x641;&#x62D;&#x627;&#x62A; 202-207.</subfield>
  </datafield>
  <datafield tag="520" ind1=" " ind2=" ">
    <subfield code="a">&#x62A;&#x639;&#x62F; &#x645;&#x634;&#x643;&#x644;&#x629; &#x627;&#x644;&#x641;&#x642;&#x631; &#x648;&#x627;&#x644;&#x62D;&#x631;&#x645;&#x627;&#x646; &#x627;&#x644;&#x62D;&#x636;&#x631;&#x64A; &#x645;&#x646; &#x623;&#x647;&#x645; &#x627;&#x644;&#x645;&#x634;&#x643;&#x644;&#x627;&#x62A; &#x627;&#x644;&#x627;&#x62C;&#x62A;&#x645;&#x627;&#x639;&#x64A;&#x629; &#x648;&#x627;&#x644;&#x627;&#x642;&#x62A;&#x635;&#x627;&#x62F;&#x64A;&#x629; &#x639;&#x644;&#x649; &#x627;&#x644;&#x645;&#x633;&#x62A;&#x648;&#x649; &#x627;&#x644;&#x639;&#x627;&#x644;&#x645;&#x64A;&#x60C; &#x62D;&#x64A;&#x62B; &#x64A;&#x642;&#x639; &#x642;&#x631;&#x627;&#x628;&#x629; 700 &#x645;&#x644;&#x64A;&#x648;&#x646; &#x625;&#x646;&#x633;&#x627;&#x646; &#x645;&#x646; &#x633;&#x643;&#x627;&#x646; &#x627;&#x644;&#x62D;&#x636;&#x631; &#x62A;&#x62D;&#x62A; &#x62E;&#x637; &#x627;&#x644;&#x641;&#x642;&#x631; &#x627;&#x644;&#x645;&#x62F;&#x642;&#x639; &#x637;&#x628;&#x642;&#x627; &#x644;&#x628;&#x64A;&#x627;&#x646;&#x627;&#x62A; &#x627;&#x644;&#x628;&#x646;&#x643; &#x627;&#x644;&#x62F;&#x648;&#x644;&#x64A; &#x641;&#x64A; &#x639;&#x627;&#x645; 2017&#x645;&#x60C; &#x643;&#x645;&#x627; &#x62A;&#x634;&#x64A;&#x631; &#x623;&#x63A;&#x644;&#x628; &#x627;&#x644;&#x62F;&#x631;&#x627;&#x633;&#x627;&#x62A; &#x627;&#x644;&#x645;&#x639;&#x646;&#x64A;&#x629; &#x628;&#x638;&#x627;&#x647;&#x631;&#x629; &#x627;&#x644;&#x641;&#x642;&#x631; &#x648;&#x627;&#x644;&#x62D;&#x631;&#x645;&#x627;&#x646; &#x62E;&#x644;&#x627;&#x644; &#x627;&#x644;&#x639;&#x642;&#x62F;&#x64A;&#x646; &#x627;&#x644;&#x623;&#x62E;&#x64A;&#x631;&#x64A;&#x646; &#x625;&#x644;&#x649; &#x63A;&#x64A;&#x627;&#x628; &#x627;&#x644;&#x62A;&#x648;&#x632;&#x64A;&#x639;&#x627;&#x62A; &#x648;&#x627;&#x644;&#x62A;&#x628;&#x627;&#x64A;&#x646;&#x627;&#x62A; &#x627;&#x644;&#x645;&#x643;&#x627;&#x646;&#x64A;&#x629;&#x60C; &#x648;&#x627;&#x647;&#x62A;&#x645;&#x62A; &#x628;&#x627;&#x644;&#x62A;&#x639;&#x631;&#x641; &#x639;&#x644;&#x649; &#x627;&#x644;&#x638;&#x627;&#x647;&#x631;&#x629; &#x648;&#x642;&#x64A;&#x627;&#x633; &#x639;&#x646;&#x627;&#x635;&#x631;&#x647;&#x627; &#x648;&#x639;&#x648;&#x627;&#x645;&#x644;&#x647;&#x627; &#x627;&#x644;&#x645;&#x62E;&#x62A;&#x644;&#x641;&#x629;&#x60C; &#x648;&#x627;&#x644;&#x62A;&#x64A; &#x623;&#x643;&#x62F;&#x62A; &#x62D;&#x642;&#x64A;&#x642;&#x629; &#x623;&#x646; &#x627;&#x644;&#x641;&#x642;&#x631; &#x638;&#x627;&#x647;&#x631;&#x629; &#x645;&#x639;&#x642;&#x62F;&#x629; &#x648;&#x645;&#x62A;&#x639;&#x62F;&#x62F;&#x629; &#x627;&#x644;&#x623;&#x628;&#x639;&#x627;&#x62F; - &#x644;&#x627; &#x64A;&#x645;&#x643;&#x646; &#x627;&#x62E;&#x62A;&#x632;&#x627;&#x644; &#x642;&#x64A;&#x627;&#x633;&#x647; &#x641;&#x642;&#x637; &#x645;&#x646; &#x627;&#x644;&#x646;&#x627;&#x62D;&#x64A;&#x629; &#x627;&#x644;&#x646;&#x642;&#x62F;&#x64A;&#x629;-  &#x628;&#x644; &#x64A;&#x646;&#x634;&#x623; &#x645;&#x646; &#x62A;&#x641;&#x627;&#x639;&#x644; &#x627;&#x644;&#x639;&#x645;&#x644;&#x64A;&#x627;&#x62A; &#x627;&#x644;&#x627;&#x642;&#x62A;&#x635;&#x627;&#x62F;&#x64A;&#x629; &#x648;&#x627;&#x644;&#x633;&#x64A;&#x627;&#x633;&#x64A;&#x629; &#x648;&#x627;&#x644;&#x627;&#x62C;&#x62A;&#x645;&#x627;&#x639;&#x64A;&#x629; &#x648;&#x627;&#x644;&#x639;&#x645;&#x631;&#x627;&#x646;&#x64A;&#x629;. &#x648;&#x645;&#x646; &#x62E;&#x644;&#x627;&#x644; &#x62F;&#x631;&#x627;&#x633;&#x629; &#x625;&#x634;&#x643;&#x627;&#x644;&#x64A;&#x627;&#x62A; &#x631;&#x635;&#x62F; &#x648;&#x642;&#x64A;&#x627;&#x633; &#x627;&#x644;&#x641;&#x642;&#x631; &#x648;&#x627;&#x644;&#x62D;&#x631;&#x645;&#x627;&#x646; &#x627;&#x644;&#x62D;&#x636;&#x631;&#x64A; &#x648;&#x645;&#x645;&#x64A;&#x632;&#x627;&#x62A;&#x647;&#x627; &#x627;&#x644;&#x625;&#x64A;&#x62C;&#x627;&#x628;&#x64A;&#x629; &#x648;&#x646;&#x642;&#x627;&#x637; &#x627;&#x644;&#x636;&#x639;&#x641;&#x60C; &#x648;&#x62F;&#x645;&#x62C; &#x62A;&#x62D;&#x644;&#x64A;&#x644; &#x648;&#x62A;&#x62D;&#x62F;&#x64A;&#x62F; &#x627;&#x644;&#x646;&#x637;&#x627;&#x642;&#x627;&#x62A; &#x627;&#x644;&#x645;&#x643;&#x627;&#x646;&#x64A;&#x629; &#x62A;&#x645;&#x643;&#x646; &#x627;&#x644;&#x628;&#x62D;&#x62B; &#x645;&#x646; &#x627;&#x644;&#x648;&#x635;&#x648;&#x644; &#x625;&#x644;&#x649; &#x62A;&#x637;&#x648;&#x64A;&#x631; &#x646;&#x645;&#x648;&#x630;&#x62C; &#x645;&#x646;&#x647;&#x62C;&#x64A; &#x645;&#x642;&#x62A;&#x631;&#x62D; &#x644;&#x636;&#x628;&#x637; &#x627;&#x644;&#x642;&#x64A;&#x627;&#x633; &#x648;&#x631;&#x641;&#x639; &#x643;&#x641;&#x627;&#x621;&#x647; &#x631;&#x635;&#x62F; &#x627;&#x644;&#x62A;&#x648;&#x632;&#x64A;&#x639; &#x627;&#x644;&#x645;&#x643;&#x627;&#x646;&#x64A; &#x644;&#x62A;&#x639;&#x632;&#x64A;&#x632; &#x643;&#x641;&#x627;&#x621;&#x629; &#x627;&#x644;&#x62A;&#x62E;&#x637;&#x64A;&#x637; &#x648;&#x635;&#x646;&#x627;&#x639;&#x629; &#x633;&#x64A;&#x627;&#x633;&#x627;&#x62A; &#x627;&#x644;&#x62A;&#x646;&#x645;&#x64A;&#x629; &#x627;&#x644;&#x62D;&#x636;&#x631;&#x64A;&#x629; &#x627;&#x644;&#x645;&#x633;&#x62A;&#x62F;&#x627;&#x645;&#x629;.</subfield>
  </datafield>
  <datafield tag="520" ind1=" " ind2=" ">
    <subfield code="a">The problem of poverty and urban deprivation is one of the most important social and economic problems at the global level, as nearly 700 million urban residents fall below the extreme poverty line, according to World Bank data in 2017. And most studies concerned with the phenomenon of poverty and deprivation during the last two decades indicate the absence of spatial distributions and disparities, that was interested in identifying the phenomenon and measuring its various elements and factors, which confirmed the fact that poverty is a complex and multi-dimensional phenomenon - its measurement cannot be reduced only in monetary terms - but arises from the interaction of economic, political, social and urban processes. By studying problems of monitoring and measuring poverty and urban deprivation, their positive advantages and weaknesses, and integrating the analysis and determination of spatial scopes, the research enabled the development of a systematic model to control measurement and raise the efficiency of monitoring the spatial distribution to enhance efficiency of planning and manufacture of sustainable urban development policies.</subfield>
  </datafield>
  <datafield tag="530" ind1=" " ind2=" ">
    <subfield code="a">&#x635;&#x62F;&#x631; &#x623;&#x64A;&#x636;&#x64B;&#x627; &#x643;&#x642;&#x631;&#x635; &#x645;&#x62F;&#x645;&#x62C;.</subfield>
  </datafield>
  <datafield tag="546" ind1=" " ind2=" ">
    <subfield code="a">&#x627;&#x644;&#x646;&#x635; &#x628;&#x627;&#x644;&#x639;&#x631;&#x628;&#x64A;&#x629; &#x648;&#x627;&#x644;&#x645;&#x644;&#x62E;&#x635; &#x628;&#x627;&#x644;&#x644;&#x63A;&#x629; &#x627;&#x644;&#x625;&#x646;&#x62C;&#x644;&#x64A;&#x632;&#x64A;&#x629; &#x648;&#x627;&#x644;&#x639;&#x631;&#x628;&#x64A;&#x629;.</subfield>
  </datafield>
  <datafield tag="650" ind1=" " ind2="7">
    <subfield code="a"> &#x627;&#x644;&#x641;&#x642;&#x631;</subfield>
    <subfield code="2">qrmak</subfield>
  </datafield>
  <datafield tag="650" ind1=" " ind2="7">
    <subfield code="a">&#x627;&#x644;&#x62A;&#x62E;&#x644;&#x641; &#x627;&#x644;&#x627;&#x642;&#x62A;&#x635;&#x627;&#x62F;&#x649;</subfield>
  </datafield>
  <datafield tag="653" ind1=" " ind2="0">
    <subfield code="a">&#x627;&#x644;&#x641;&#x642;&#x631; &#x648;&#x627;&#x644;&#x62D;&#x631;&#x645;&#x627;&#x646; &#x627;&#x644;&#x62D;&#x636;&#x631;&#x64A;</subfield>
    <subfield code="a"> &#x627;&#x644;&#x641;&#x642;&#x631; &#x645;&#x62A;&#x639;&#x62F;&#x62F; &#x627;&#x644;&#x627;&#x628;&#x639;&#x627;&#x62F;</subfield>
    <subfield code="a">&#x627;&#x644;&#x62A;&#x628;&#x627;&#x64A;&#x646;&#x627;&#x62A; &#x627;&#x644;&#x645;&#x643;&#x627;&#x646;&#x64A;&#x629;</subfield>
  </datafield>
  <datafield tag="700" ind1="0" ind2=" ">
    <subfield code="a">&#x637;&#x627;&#x631;&#x642; &#x648;&#x641;&#x64A;&#x642; &#x645;&#x62D;&#x645;&#x62F;</subfield>
    <subfield code="e">&#x645;&#x634;&#x631;&#x641; &#x623;&#x637;&#x631;&#x648;&#x62D;&#x629;.</subfield>
  </datafield>
  <datafield tag="700" ind1="0" ind2=" ">
    <subfield code="a">&#x639;&#x628;&#x62F; &#x627;&#x644;&#x62E;&#x627;&#x644;&#x642; &#x639;&#x628;&#x62F; &#x627;&#x644;&#x631;&#x62D;&#x645;&#x646; &#x639;&#x648;&#x627;&#x62F;</subfield>
    <subfield code="e">&#x645;&#x634;&#x631;&#x641; &#x623;&#x637;&#x631;&#x648;&#x62D;&#x629;.</subfield>
  </datafield>
  <datafield tag="900" ind1=" " ind2=" ">
    <subfield code="b">01-01-2024</subfield>
    <subfield code="c">&#x637;&#x627;&#x631;&#x642; &#x648;&#x641;&#x64A;&#x642; &#x645;&#x62D;&#x645;&#x62F;</subfield>
    <subfield code="c">&#x639;&#x628;&#x62F; &#x627;&#x644;&#x62E;&#x627;&#x644;&#x642; &#x639;&#x628;&#x62F; &#x627;&#x644;&#x631;&#x62D;&#x645;&#x646; &#x639;&#x648;&#x627;&#x62F;</subfield>
    <subfield code="U">&#x62C;&#x627;&#x645;&#x639;&#x629; &#x627;&#x644;&#x642;&#x627;&#x647;&#x631;&#x629; </subfield>
    <subfield code="F">&#x643;&#x644;&#x64A;&#x629; &#x627;&#x644;&#x62A;&#x62E;&#x637;&#x64A;&#x637; &#x627;&#x644;&#x625;&#x642;&#x644;&#x64A;&#x645;&#x64A; &#x648;&#x627;&#x644;&#x639;&#x645;&#x631;&#x627;&#x646;&#x64A;</subfield>
    <subfield code="D">&#x642;&#x633;&#x645; &#x627;&#x644;&#x62A;&#x62E;&#x637;&#x64A;&#x637; &#x627;&#x644;&#x639;&#x645;&#x631;&#x627;&#x646;&#x64A;</subfield>
  </datafield>
  <datafield tag="905" ind1=" " ind2=" ">
    <subfield code="a">Sara</subfield>
    <subfield code="e">Afaf</subfield>
  </datafield>
  <datafield tag="942" ind1=" " ind2=" ">
    <subfield code="2">ddc</subfield>
    <subfield code="c">TH</subfield>
    <subfield code="e">21</subfield>
    <subfield code="n">0</subfield>
  </datafield>
  <datafield tag="999" ind1=" " ind2=" ">
    <subfield code="c">172654</subfield>
  </datafield>
  <datafield tag="952" ind1=" " ind2=" ">
    <subfield code="2">ddc</subfield>
    <subfield code="9">307239</subfield>
    <subfield code="a">CUCL</subfield>
    <subfield code="b">cl210</subfield>
    <subfield code="d">2025-06-19</subfield>
    <subfield code="i">32197</subfield>
    <subfield code="o">Cai01.22.01.Ph.D.2024.&#x645;&#x62D;.&#x625;</subfield>
    <subfield code="p">01010100032197000</subfield>
    <subfield code="r">2025-06-19 09:10:00</subfield>
    <subfield code="w">2025-06-19</subfield>
    <subfield code="y">TH</subfield>
  </datafield>
</record>
